[Event "Guernsey Holiday op 44th"]
[Site "Vale"]
[Date "2018.10.27"]
[Round "7"]
[White "Bakkes, Frits"]
[Black "Jones, Sidney A"]
[Result "1-0"]
[WhiteElo "1650"]
[BlackElo "1488"]
[PlyCount "55"]
[EventDate "2018.10.21"]
[EventType "swiss"]
[EventRounds "7"]
[EventCountry "GCI"]
[SourceTitle "EXT 2021"]
[Source "ChessBase"]
[SourceDate "2020.10.23"]
[SourceVersion "1"]
[SourceVersionDate "2020.10.23"]
[SourceQuality "1"]

1. e4 e5 2. Nf3 Nc6 3. Bb5 a6 4. Ba4 b5 5. Bb3 Nf6 6. 0-0 Be7 7. Re1 0-0 8. c3 d6 9. d4 Bg4 10. d5 Na5 11. Bc2 c5 12. dxc6 Nxc6 13. Nbd2 Rc8 14. Nf1 Re8 15. Bg5 h6 16. Bxf6 Bxf6 17. Ne3 Be6 18. a4 b4 19. cxb4 Nxb4 20. Bd3 Rc6 21. Bf1 Qa5 22. b3 Rec8 23. Bc4 Be7 24. Qd2 Qd8 25. Bxe6 fxe6 26. Qxb4 d5 27. Qd2 d4 28. Nc4 1-0

[Event "Guernsey op 43rd"]
[Site "Vale"]
[Date "2017.10.17"]
[Round "3"]
[White "Bakkes, Frits"]
[Black "Sedgwick, David"]
[Result "0-1"]
[WhiteElo "1636"]
[BlackElo "1972"]
[PlyCount "58"]
[EventDate "2017.10.15"]
[EventType "swiss"]
[EventRounds "7"]
[EventCountry "GCI"]
[SourceTitle "CBM 181 Extra"]
[Source "ChessBase"]
[SourceDate "2017.12.12"]
[SourceVersion "1"]
[SourceVersionDate "2017.12.12"]
[SourceQuality "1"]

1. e4 e5 2. Nf3 d5 3. Nxe5 Bd6 4. d4 dxe4 5. Qe2 Nf6 6. Nc3 0-0 7. Bf4 Bf5 8. 0-0-0 Nc6 9. Kb1 Qe8 10. Nxc6 Bxf4 11. Na5 b6 12. Nb3 Qd7 13. g3 Bg4 14. Qc4 b5 15. Nxb5 Bxd1 16. gxf4 Bg4 17. Nc5 Qc6 18. Rg1 Bf5 19. Rg5 g6 20. h4 Ng4 21. d5 Qf6 22. Bh3 h6 23. Bxg4 hxg5 24. hxg5 Qe7 25. Bxf5 gxf5 26. Nd4 Qd6 27. Nxf5 Qxf4 28. Nh6+ Kh7 29. Nxe4 Rae8 0-1

[Event "Guernsey Holiday op 41st"]
[Site "Guernsey"]
[Date "2015.10.18"]
[Round "1"]
[White "Norman, Dinah M"]
[Black "Bakkes, Frits"]
[Result "1/2-1/2"]
[WhiteElo "1839"]
[BlackElo "1632"]
[PlyCount "50"]
[EventDate "2015.10.18"]
[EventType "swiss"]
[EventRounds "7"]
[EventCountry "GCI"]
[SourceTitle "EXT 2022"]
[Source "ChessBase"]
[SourceDate "2021.10.06"]
[SourceVersion "1"]
[SourceVersionDate "2021.10.06"]
[SourceQuality "1"]

1. d4 d5 2. Nf3 Nf6 3. e3 e6 4. Bd3 Nbd7 5. Nbd2 c5 6. c3 cxd4 7. exd4 Be7 8. 0-0 Nb6 9. Re1 Bd7 10. Ne5 Rc8 11. Ndf3 Bc6 12. Nxc6 bxc6 13. Ba6 Rc7 14. Bf4 Bd6 15. Bxd6 Qxd6 16. Ne5 0-0 17. Bd3 Nbd7 18. b4 a5 19. a3 Ra8 20. Qe2 axb4 21. axb4 Rca7 22. Rxa7 Rxa7 23. h3 Nf8 24. Qb2 N6d7 25. Nxd7 Nxd7 1/2-1/2

[Event "Oslo op-B"]
[Site "Oslo"]
[Date "2014.09.28"]
[Round "2"]
[White "Bakkes, Frits"]
[Black "Ostby, Martin Bergsjo"]
[Result "0-1"]
[WhiteElo "1682"]
[BlackElo "1897"]
[PlyCount "64"]
[EventDate "2014.09.28"]
[EventType "swiss"]
[EventRounds "9"]
[EventCountry "NOR"]
[SourceTitle "EXT 2017"]
[Source "ChessBase"]
[SourceDate "2016.10.25"]
[SourceVersion "1"]
[SourceVersionDate "2016.10.25"]
[SourceQuality "1"]

1. e4 c5 2. Nf3 e6 3. d4 cxd4 4. Nxd4 a6 5. Be2 Nf6 6. e5 Qa5+ 7. Nd2 Qxe5 8. N2f3 Qc7 9. 0-0 Be7 10. c4 b6 11. b3 Bb7 12. Bb2 d6 13. Re1 0-0 14. Rc1 Nc6 15. Bd3 Rad8 16. Qc2 Nb4 17. Qe2 e5 18. Bb1 Rfe8 19. Nf5 Bf8 20. a3 Nc6 21. Ne3 Ne7 22. Qc2 Ng6 23. Ng5 d5 24. Qe2 d4 25. Nf5 Nf4 26. Qd1 d3 27. Rc3 Qc6 28. Nf3 Ne2+ 29. Rxe2 dxe2 30. Qxe2 g6 31. Ng3 Bh6 32. Ne1 Rd2 0-1

[Event "Oslo op-B"]
[Site "Oslo"]
[Date "2014.09.28"]
[Round "1"]
[White "Berg Olsen, Sebastian N"]
[Black "Bakkes, Frits"]
[Result "0-1"]
[WhiteElo "910"]
[BlackElo "1682"]
[PlyCount "94"]
[EventDate "2014.09.28"]
[EventType "swiss"]
[EventRounds "9"]
[EventCountry "NOR"]
[SourceTitle "EXT 2017"]
[Source "ChessBase"]
[SourceDate "2016.10.25"]
[SourceVersion "1"]
[SourceVersionDate "2016.10.25"]
[SourceQuality "1"]

1. e4 c5 2. Nf3 Nc6 3. Nc3 d6 4. d4 cxd4 5. Nxd4 e5 6. Nf3 Nf6 7. Bc4 Be7 8. h3 Bd7 9. Nd5 Nxe4 10. Nxe7 Qxe7 11. c3 0-0 12. Qd3 Nc5 13. Qc2 Be6 14. Ng5 g6 15. Nxe6 fxe6 16. Bh6 Rf7 17. 0-0 d5 18. Be2 e4 19. b4 Nd7 20. f3 exf3 21. Rxf3 Nde5 22. Rxf7 Nxf7 23. Be3 Rc8 24. Bd3 Nxb4 25. Qd2 Nxd3 26. Qxd3 Ne5 27. Qc2 b6 28. Bd4 Nf7 29. Re1 Nd6 30. g4 Rc4 31. Qh2 Rc8 32. Qe5 Kf7 33. Qg7+ Ke8 34. Qxe7+ Kxe7 35. Rf1 Ne4 36. g5 Rf8 37. Rxf8 Kxf8 38. h4 Ke7 39. Kf1 Kd6 40. Ke2 e5 41. Bg1 Nxc3+ 42. Kd3 Nxa2 43. Kc2 d4 44. Kd3 Kd5 45. Kc2 e4 46. Kd2 Nb4 47. Ke2 a5 0-1

[Event "Haarlem Nova College op-B 12th"]
[Site "Haarlem"]
[Date "2013.06.30"]
[Round "6"]
[White "Bakkes, Frits"]
[Black "Schelvis, Richard"]
[Result "0-1"]
[WhiteElo "1667"]
[BlackElo "1918"]
[PlyCount "26"]
[EventDate "2013.06.28"]
[EventType "swiss"]
[EventRounds "6"]
[EventCountry "NED"]
[SourceTitle "EXT 2015"]
[Source "ChessBase"]
[SourceDate "2014.11.20"]
[SourceVersion "1"]
[SourceVersionDate "2014.11.20"]
[SourceQuality "1"]

1. e4 c5 2. Nf3 e6 3. d4 cxd4 4. Nxd4 Nf6 5. Nc3 Qb6 6. e5 Bc5 7. Na4 Qa5+ 8. c3 Bxd4 9. Qxd4 Nc6 10. Qd1 Qxe5+ 11. Be3 Nd5 12. Qd2 Nxe3 13. fxe3 b5 0-1

[Event "Guernsey Holiday op"]
[Site "Guernsey"]
[Date "2009.10.24"]
[Round "7"]
[White "Bakkes, Frits"]
[Black "Kaye, Michael J"]
[Result "1-0"]
[WhiteElo "1548"]
[BlackElo "1522"]
[PlyCount "61"]
[EventDate "2009.10.18"]
[EventType "swiss"]
[EventRounds "7"]
[EventCountry "GCI"]
[SourceTitle "EXT 2015"]
[Source "ChessBase"]
[SourceDate "2014.11.20"]
[SourceVersion "1"]
[SourceVersionDate "2014.11.20"]
[SourceQuality "1"]

1. d4 Nf6 2. Nc3 g6 3. e4 d6 4. Nf3 Bg7 5. Be2 0-0 6. Be3 Ng4 7. Bg5 Qe8 8. Nd5 f6 9. Nxc7 Qd8 10. Nxa8 Be6 11. h3 Nh6 12. Bxh6 Bxh6 13. Bb5 Qa5+ 14. c3 Qxb5 15. d5 Bf7 16. Nd4 Qxb2 17. 0-0 Na6 18. Rb1 Qxc3 19. Rxb7 Rxa8 20. Rxe7 Nc5 21. Nb5 Qb4 22. Nxd6 Rf8 23. Rxa7 Nxe4 24. Nxe4 Qxe4 25. d6 Rd8 26. Re1 Qb4 27. d7 Qb6 28. Qa4 Bf8 29. Ra8 Bd6 30. Rxd8+ Qxd8 31. Re8+ 1-0

[Event "Guernsey Holiday op"]
[Site "Guernsey"]
[Date "2009.10.23"]
[Round "6"]
[White "Le Maitre, Richard"]
[Black "Bakkes, Frits"]
[Result "1-0"]
[WhiteElo "1219"]
[BlackElo "1548"]
[PlyCount "97"]
[EventDate "2009.10.18"]
[EventType "swiss"]
[EventRounds "7"]
[EventCountry "GCI"]
[SourceTitle "EXT 2015"]
[Source "ChessBase"]
[SourceDate "2014.11.20"]
[SourceVersion "1"]
[SourceVersionDate "2014.11.20"]
[SourceQuality "1"]

1. Nf3 c5 2. g3 d5 3. Bg2 Nf6 4. d3 Nc6 5. 0-0 e5 6. c3 Be7 7. Na3 0-0 8. Nc2 h6 9. a3 a5 10. Rb1 Bf5 11. Ne3 Bh7 12. Nc2 b5 13. b4 e4 14. dxe4 Nxe4 15. Bd2 axb4 16. cxb4 cxb4 17. axb4 Ra2 18. Rc1 Nxd2 19. Nxd2 Bxc2 20. Rxc2 Rxc2 21. Qxc2 Nxb4 22. Qb3 Qd6 23. Rd1 Qc5 24. e4 d4 25. e5 Qxe5 26. Nf3 Qf6 27. Nxd4 Rd8 28. Nxb5 Rb8 29. Qc4 Qb6 30. Nc3 Qf6 31. Ne4 Qf5 32. Qc7 Re8 33. Nd6 Bxd6 34. Qxd6 Qc2 35. Bf3 Qb3 36. Qd7 Re6 37. Bg4 Rf6 38. Qe8+ Kh7 39. Qe4+ g6 40. Qe5 Rxf2 41. Kxf2 Nd3+ 42. Rxd3 Qxd3 43. Be2 Qf5+ 44. Qxf5 gxf5 45. Bd3 Kg6 46. g4 Kg5 47. Bxf5 h5 48. h3 Kh4 49. Kg2 1-0

[Event "Guernsey Holiday op"]
[Site "Guernsey"]
[Date "2009.10.19"]
[Round "2"]
[White "Bakkes, Frits"]
[Black "Wallace, Mitchel"]
[Result "0-1"]
[WhiteElo "1548"]
[BlackElo "1690"]
[PlyCount "146"]
[EventDate "2009.10.18"]
[EventType "swiss"]
[EventRounds "7"]
[EventCountry "GCI"]
[SourceTitle "EXT 2015"]
[Source "ChessBase"]
[SourceDate "2014.11.20"]
[SourceVersion "1"]
[SourceVersionDate "2014.11.20"]
[SourceQuality "1"]

1. d4 d6 2. e4 Nf6 3. Nc3 Nbd7 4. g4 h6 5. g5 hxg5 6. Bxg5 e5 7. dxe5 dxe5 8. Qf3 c6 9. 0-0-0 Qc7 10. Bc4 Bb4 11. Nge2 Be7 12. h4 Nc5 13. Qg2 Ne6 14. Bxe6 Bxe6 15. f4 Nh5 16. Bxe7 Kxe7 17. fxe5 Qxe5 18. Nd4 Ng3 19. Rhg1 Nh5 20. Nxe6 Qxe6 21. e5 Qh6+ 22. Kb1 Rad8 23. Rdf1 Rd4 24. Qf2 Qf4 25. Qxf4 Rxf4 26. Rxf4 Nxf4 27. Rxg7 Rxh4 28. Rg1 Rh5 29. b4 Rxe5 30. Kb2 Nd5 31. Nxd5+ Rxd5 32. Rg8 a5 33. Rb8 Rb5 34. a3 axb4 35. a4 Rb6 36. Kb3 c5 37. Kc4 Kd6 38. a5 b3 39. cxb3 Rb4+ 40. Kc3 f5 41. Rd8+ Kc6 42. Rc8+ Kd5 43. Rd8+ Ke6 44. Re8+ Kd7 45. Re5 Rb5 46. Rxf5 Rxa5 47. Kc4 b5+ 48. Kd5 c4 49. Rf3 Ra3 50. Rf7+ Ke8 51. Rb7 Rxb3 52. Kc5 c3 53. Kd4 b4 54. Kd3 Rb2 55. Rc7 Rd2+ 56. Kc4 Rb2 57. Kd3 Kd8 58. Rc4 Kd7 59. Rc5 Kd6 60. Rc8 Kd5 61. Rd8+ Kc5 62. Rc8+ Kb5 63. Rb8+ Ka4 64. Kc4 Ka5 65. Kc5 Ka6 66. Kc6 Ka7 67. Kc7 c2 68. Rb7+ Ka6 69. Rb6+ Ka5 70. Rc6 Rb3 71. Rc5+ Ka4 72. Kb6 Rc3 73. Ra5+ Kb3 0-1

[Event "Guernsey Holiday op"]
[Site "Guernsey"]
[Date "2008.10.24"]
[Round "6"]
[White "Bakkes, Frits"]
[Black "O'Connor, J."]
[Result "1-0"]
[WhiteElo "1587"]
[BlackElo "1580"]
[PlyCount "121"]
[EventDate "2008.10.19"]
[EventType "swiss"]
[EventRounds "7"]
[EventCountry "GCI"]
[SourceTitle "EXT 2011"]
[Source "ChessBase"]
[SourceDate "2010.11.26"]
[SourceVersion "1"]
[SourceVersionDate "2010.11.26"]
[SourceQuality "1"]

1. d4 c5 2. Nf3 cxd4 3. Nxd4 Nc6 4. Nc3 Nf6 5. Bf4 d6 6. e3 e5 7. Nxc6 bxc6 8. Bg5 Be7 9. Qd2 h6 10. Bxf6 Bxf6 11. Ne4 d5 12. Nxf6+ Qxf6 13. Be2 0-0 14. 0-0 e4 15. c3 Qg6 16. Rfd1 Rb8 17. b4 Rd8 18. Qd4 Bh3 19. Bf1 Rb7 20. Kh1 Bg4 21. Rd2 Rbd7 22. a4 Qd6 23. a5 Qc7 24. a6 f5 25. Ra5 Rf7 26. Rc5 f4 27. b5 fxe3 28. Qxe3 Rd6 29. Rb2 Rg6 30. Rxc6 Rxc6 31. bxc6 Qxc6 32. Bb5 Qf6 33. Bf1 Rc7 34. Qg3 Rxc3 35. Qxg4 Rc1 36. Rb8+ Kh7 37. Kg1 Qxa6 38. Qf5+ Qg6 39. Qxg6+ Kxg6 40. Rd8 Rd1 41. g3 a5 42. Kg2 a4 43. Ra8 Ra1 44. Bb5 a3 45. Bc6 d4 46. Bxe4+ Kf6 47. Bd3 Ke5 48. Ra5+ Kd6 49. Kf3 a2 50. Bc4 Kc6 51. Rxa2 Rxa2 52. Bxa2 Kc5 53. Ke4 g5 54. g4 d3 55. Kxd3 Kd6 56. Ke4 Ke7 57. Kf5 Kf8 58. Kg6 h5 59. gxh5 g4 60. h6 g3 61. hxg3 1-0

[Event "Guernsey Holiday op"]
[Site "Guernsey"]
[Date "2008.10.21"]
[Round "3"]
[White "Le Messurier, Rosemary"]
[Black "Bakkes, Frits"]
[Result "0-1"]
[WhiteElo "1210"]
[BlackElo "1587"]
[PlyCount "56"]
[EventDate "2008.10.19"]
[EventType "swiss"]
[EventRounds "7"]
[EventCountry "GCI"]
[SourceTitle "EXT 2011"]
[Source "ChessBase"]
[SourceDate "2010.11.26"]
[SourceVersion "1"]
[SourceVersionDate "2010.11.26"]
[SourceQuality "1"]

1. e4 c5 2. Bc4 Nc6 3. Nf3 d6 4. d4 cxd4 5. Nxd4 Bd7 6. Nc3 Nf6 7. h3 Qa5 8. Be3 Nxe4 9. 0-0 Nxc3 10. bxc3 Ne5 11. Be2 Qxc3 12. Rb1 Nc4 13. Qd3 Qxd3 14. cxd3 Nxe3 15. fxe3 e5 16. Nb5 Bxb5 17. Rxb5 b6 18. a4 Be7 19. Bg4 0-0 20. d4 exd4 21. exd4 g6 22. Re1 Bh4 23. Re4 Rae8 24. Bf3 Rxe4 25. Bxe4 Re8 26. Bf3 Bg3 27. Rb1 Rc8 28. Rd1 Rc4 0-1

[Event "Guernsey Holiday op 33rd"]
[Site "Guernsey"]
[Date "2007.10.26"]
[Round "6"]
[White "Kearsley, Raymond J"]
[Black "Bakkes, Frits"]
[Result "1-0"]
[WhiteElo "1664"]
[BlackElo "1533"]
[PlyCount "40"]
[EventDate "2007.10.21"]
[EventType "swiss"]
[EventRounds "7"]
[EventCountry "GCI"]
[SourceTitle "EXT 2022"]
[Source "ChessBase"]
[SourceDate "2021.10.06"]
[SourceVersion "1"]
[SourceVersionDate "2021.10.06"]
[SourceQuality "1"]

1. e4 c5 2. Nf3 Nc6 3. c3 d6 4. Be2 e5 5. 0-0 Nf6 6. d4 Nxe4 7. d5 Ne7 8. Qa4+ Bd7 9. Qxe4 f5 10. Qc4 b5 11. Qb3 c4 12. Qd1 f4 13. Ng5 g6 14. Ne6 Bxe6 15. dxe6 d5 16. a4 Qb6 17. axb5 Qxe6 18. Ra6 Qf5 19. Na3 h5 20. b6 0-0-0 1-0